Datum a čas kvízu

26.5 Celkem bodů Celkový počet nahraných bodů na tomto kvízu bez doplňovacích otázek.
8. Pořadí na kvízu Konečné umístění týmu na tomto kvízu.

Zaznamenané odpovědi

# Otázka Odpověď Body Výsledky
1. Minulý týden bylo rozhodnuto o... Guru Jára (Óm Nadsamec) 0
2. Tradiční mistrovství světa, v... dýně (tykev) 1
3. V sobotu začal po dvouleté pře... Adamczykovi 0
4. Společnost Microsoft v pátek d... Activision Blizzard 1
5. Napište, ve kterém sportu získ... plážový volejbal, Mexiko 0.5
6. Že se pravěk tradičně dělí na... halštatská, laténská 0
7. Lovci mamutů od Eduarda Štorch... Kopčem 0
8. Tento seriál jistě poznáte. Na... Fred Flintstone 0
9. Uveďte českou podobu druhového... moudrý (i rozumný) 0
10. Ve kterém státě najdeme jeskyn... ve Francii 1